| 000 | 00836nam a2200229 a 4500 | ||
|---|---|---|---|
| 001 | 48868 | ||
| 003 | BD-RjUL | ||
| 005 | 20211209054611.0 | ||
| 008 | 160816s1968 bg ||||| |||| 00| p ben d | ||
| 020 | _c: Tk. 2.50 | ||
| 035 | _a(BD-RjUL) 48987 | ||
| 040 |
_aBD-RjUL _bben _cBD-RjUL |
||
| 041 | _aben | ||
| 082 |
_223 _a891.441 _bRAB 1968 |
||
| 100 | 1 |
_aরহমান, কাজী মাহবুবুর _9147269 |
|
| 245 | 1 | 0 |
_aবিধ্বস্ত সংলাপ / _cকাজী মাহবুবুর রহমান |
| 260 |
_aঢাকা : _bদি প্রিণ্টার্স পাবলিকেশনস, _c১৯৬৮ (১৩৭৫) |
||
| 300 |
_a৪০ পৃ. ; _c২১ সেমি. |
||
| 650 |
_aবাংলা কবিতা _9147270 |
||
| 650 |
_aBengali Poetry _9147271 |
||
| 942 |
_2ddc _cBK |
||
| 999 |
_c48868 _d48868 |
||